=LDR 00000nam 2200000 4500 =001 INLIS000000000053357 =005 20180720032621 =035 ##$$a 0010-0718000011 =007 ta =008 180720###########################0###### =082 ##$$a 745.594 =084 ##$$a 745.594 PUJ k =100 #$$a Puji Rahayui =245 1#$$a Kreasi bunga sedotan /$c T. Puji Rahayu =260 ##$:$b Pamularsi,$c 2007 =300 ##$: $b Ilus ; $c 21 cm =990 ##$$a 76707670 =990 ##$$a 76707670 =990 ##$$a 76707670 =990 ##$$a 76707670 =990 ##$$a 76707670 =990 ##$$a 21710336 =990 ##$$a 01201807670 =990 ##$$a 01201807671 =990 ##$$a 01201807672 =990 ##$$a 01201807673 =990 ##$$a 21710337 =990 ##$$a 01201807670 =990 ##$$a 01201807671 =990 ##$$a 01201807672 =990 ##$$a 21710336 =990 ##$$a 21710338 =990 ##$$a 01201807670 =990 ##$$a 01201807671 =990 ##$$a 21710337 =990 ##$$a 21710336 =990 ##$$a 21710339 =990 ##$$a 01201807670 =990 ##$$a 21710338 =990 ##$$a 21710337 =990 ##$$a 21710336 =990 ##$$a 21710340 =990 ##$$a 21710339 =990 ##$$a 21710338 =990 ##$$a 21710337 =990 ##$$a 21710336